Operačná analýza. 3

Hlavní autor: Fronc, Martin B., 1947-
Jazyk: Slovenština
Vydáno: Bratislava, 1977
Knihy
Uloženo v:
LEADER 00490nam a22001692a 4500
001 000403768
003 CZ BrMZK
005 19980105143423.0
007 ta
008 980105s1977 xo f slo d
040 |a BOA001  |b cze 
100 1 |a Fronc, Martin B.,  |d 1947-  |7 jx20051011004 
245 1 0 |a Operačná analýza.  |n 3 
260 |a Bratislava,  |c 1977 
910 |a BOA001  |b 4-0773.071,3 
990 |a BK 
996 7 |b 2619774492  |c 4-0773.071,3  |l MZK  |r Sklad / do 1 hodiny  |n 3  |w 000403768  |u 000010  |a 1  |e BOA001  |j MZK50  |s A